Predaj pohonných látok má tiež svoj marketing

Marketing čerpacích staníc na Slovensku. Slovnaft a Benzinol vo fúzii. Konkurencia na Slovensku. Cenová politika. Marketing Slovnaftu a Benzinolu. Výdavky na reklamu spoločností predávajúcich pohonné látky za obdobie január - október 1997. Výdavky benzínových spoločností podľa druhov médií.

Guardado en:
Detalles Bibliográficos
Autor principal: Rážová, Milena
Formato: Libro
Lenguaje:eslovaco
Materias:
Etiquetas: Agregar Etiqueta
Sin Etiquetas, Sea el primero en etiquetar este registro!

MARC

LEADER 00000nam a2200000 4500
001 r030128
005 20230922094646.9
041 0 |a slo 
044 |a SK 
245 1 0 |a Predaj pohonných látok má tiež svoj marketing  |c Milena Rážová 
520 |a Marketing čerpacích staníc na Slovensku. Slovnaft a Benzinol vo fúzii. Konkurencia na Slovensku. Cenová politika. Marketing Slovnaftu a Benzinolu. Výdavky na reklamu spoločností predávajúcich pohonné látky za obdobie január - október 1997. Výdavky benzínových spoločností podľa druhov médií. 
610 2 0 |a marketing 
610 2 0 |a benzín 
610 2 0 |a konkurencia 
610 2 0 |a stratégia marketingová 
610 2 0 |a Slovnaft, a.s. Bratislava 
610 2 0 |a Benzinol 
610 2 0 |a stanice čerpacie 
100 1 |a Rážová, Milena